<?xml version="1.0" encoding="UTF-8"?>
<marc:record xmlns:marc="http://www.loc.gov/MARC21/slim">
   <marc:leader>00000nam a2200000 a 4500</marc:leader>
   <marc:datafield ind1="1" ind2=" " tag="100">
      <marc:subfield code="a">Huber, Gerhard</marc:subfield>
      <marc:subfield code="4">aut</marc:subfield>
      <marc:subfield code="e">Verfasser/-in</marc:subfield>
   </marc:datafield>
   <marc:datafield ind1="0" ind2="0" tag="245">
      <marc:subfield code="a">Burnout - Depressionen</marc:subfield>
   </marc:datafield>
   <marc:datafield ind1="0" ind2="0" tag="245">
      <marc:subfield code="b">Fluch oder Segen ; auf der Suche nach meinem Leben</marc:subfield>
   </marc:datafield>
   <marc:datafield ind1="0" ind2="0" tag="245">
      <marc:subfield code="c">Gerhard Huber</marc:subfield>
   </marc:datafield>
   <marc:datafield ind1=" " ind2="1" tag="264">
      <marc:subfield code="b">Huber</marc:subfield>
      <marc:subfield code="c">2010</marc:subfield>
   </marc:datafield>
   <marc:datafield ind1="1" ind2=" " tag="520">
      <marc:subfield code="a">Dieses Buch beschreibt meinen Weg in das Burnout und in die Depression, ihre Anfänge und die ersten Symptome, aber auch die Phasen meiner schlimmsten Verzweiflung, in denen alles möglich schien, auch das Schlimmste! Es zeigt aber auch den enormen Druck, der auf meiner Frau und auf meinen beiden Kindern lastete, die in dieser Zeit selbst mehr als nur an ihre Grenzen gekommen sind! Aber es erzählt auch von meinem Weg zurück in das Leben, was mir geholfen und was mich unterstützt hat, um aus diesem Desaster wieder heil herauszukommen und in ein vollkommen neues Leben zu finden.</marc:subfield>
   </marc:datafield>
   <marc:datafield ind1=" " ind2=" " tag="020">
      <marc:subfield code="a">9783200013957</marc:subfield>
      <marc:subfield code="9">9783200013957</marc:subfield>
   </marc:datafield>
   <marc:datafield ind1=" " ind2=" " tag="020">
      <marc:subfield code="a">3200013958</marc:subfield>
      <marc:subfield code="9">3200013958</marc:subfield>
   </marc:datafield>
   <marc:datafield ind1=" " ind2=" " tag="300">
      <marc:subfield code="a">144 S.</marc:subfield>
   </marc:datafield>
</marc:record>
